000 01774cam a22004694i 4500
003 PE-LiUPU
005 20250731172954.0
008 150623s r 000 0 d
035 _a(Sirsi) a21514
040 _aPE-LiUPU
_bspa
_cPE-LiUPU
_erda
082 0 4 _a253
_bS82i
_221
100 1 _aStott, John R. W.,
_eautor.
245 1 0 _aImágenes del predicador en el Nuevo Testamento /
_cJohn R. W. Stott.
264 1 _aMichigan :
_bNueva Creación,
_c1996.
300 _a120 páginas ;
_c23 cm.
336 _atext
_2rdacontent
337 _aunmediated
_2rdamedia
338 _avolume
_2rdacarrier
504 _aIncluye referencias bibliográficas.
505 0 _aAdministrador. -Heraldo. -Testigo. -Padre. -Siervo.
526 _aSEG42
526 _aSEG41
526 _aSEG40
526 _aSEG39
526 _aP94
526 _aP87
526 _aP86
526 _aP85
526 _aP77
526 _aP76
526 _aP35
650 0 4 _aPREDICADOR CRISTIANO EN EL N.T.
650 0 4 _aOratoria sagrada
_xenseñanza biblica.
942 _2ddc
_cBOOK
949 _a253 S82i
_wDEWEY
_c1
_i45100
_lCCODEBUL1
_mBUL
_p00.00
_r0
_sY
_tBOOK
_u2015-06-24
_xTEOLOGIA
_PP35
_0COMPRA
_o.STAFF. Colección General
949 _a253 S82i
_wDEWEY
_c2
_i55550
_lCCODEBUL1
_mBUL
_p4.00
_r0
_sY
_tBOOK
_u2015-06-24
_xTEOLOGIA
_PP35
_0COMPRA
_o.STAFF. Colección General
596 _a1
999 _a253 S82I
_wDEWEY
_c21985
_i45100
_d21985
_f2021-11-10
_g5
_lCCODEBUL1
_mBUL
_q1
_r0
_sY
_tBOOK
_u2015-6-24
_xTEOLOGIA
_PP35
_0COMPRA
_o.STAFF. Colección General
999 _a253 S82I
_wDEWEY
_c2
_i55550
_f2021-11-10
_g5
_lCCODEBUL1
_mBUL
_p4.00
_r0
_sY
_tBOOK
_u2015-6-24
_xTEOLOGIA
_PP35
_0COMPRA
_o.STAFF. Colección General
980 _81
_gALBERTO SANCHEZ Responsable de Automatización